00310nam a22001217a 4500020001800000082002500018245005400043260003500097300000800132700001600140700001600156700001600172 a9788176222785 a630.25150954bKHA/CL aClimate Change Effects on Agriculture and Economy aNew DelhibBiotech Booksc2013 a355 aKhanna,D.R. aChopra,A.K. aVikas Singh